O livro da mulher (Registo nº 23942)
[ vista simples ]
| 000 -Etiqueta do registo | |
|---|---|
| Valores | 00594nam a22001931i 4500 |
| 090 ## - | |
| -- | 23942 |
| 100 ## - Dados gerais de processamento | |
| Dados gerais | 20170304u u u0frey50 ba |
| 101 0# - Língua de publicação | |
| -- | por |
| 200 1# - Titulo e menção de responsabilidade | |
| Primeira menção de responsabilidade | Osho |
| Título próprio | O livro da mulher |
| Informação de outro título | sobre o poder do feminino |
| 215 ## - Descrição física | |
| Paginação / Volumes | 237, [3] p. |
| Dimensões | 23 cm |
| 210 ## - Publicação | |
| Nome do editor | Pergaminho |
| Data de publicação | 2004 |
| 225 2# - Colecção | |
| Título próprio da colecção | Os livros de Osho |
| 300 ## - Notas gerais | |
| Texto da nota | Oferta de Hugo Corte Real |
| 410 #0 - | |
| -- | Os livros de Osho |
| 702 #1 - Autor secundário (pessoa individual) | |
| Apelido | Figueiredo |
| Nome | Rita |
| -- | 730 |
| ID Autoridade | 4864 |
| 700 #1 - Autor principal (pessoa individual) | |
| Apelido | Osho |
| -- | 070 |
| Datas | 1931-1990 |
| 996 ## - ISO2709 | |
| -- | 0035305 |
| -- | OSH |
| -- | 00000000 |
| -- | 00000000 |
| -- | BMVA |
| -- | 1 |
| -- | Viana do Alentejo |
| -- | Psicologia |
| -- | 25 |
| -- | Livro |
| -- | 0 |
| -- | 1 |
| 990 ## - Elementos KOHA | |
| Tipo de documento | Livro |
| Situação do levantamento | Estado | Biblioteca de origem | Biblioteca de empréstimo | Código de barras | Cota | Permissão de empréstimo | Tipo de documento |
|---|---|---|---|---|---|---|---|
| Completo | Biblioteca Municipal de Viana Do Alentejo | Biblioteca Municipal de Viana Do Alentejo | 0030120 | 159.9 OSH | Disponível | Livro |